000 00362nam a2200145Ia 4500
100 _aPulfrey/ D.L&tarr.n.g
942 _cBK
654 _aMicroelectronics
245 _aIntroduction to Microelectronic devices
260 _bPrentice Hall of International
_aNew Jersey
_c1989
082 _a621.3815
_bPUL/TA
300 _a434
546 _aENGLISH
999 _c26904
_d26904